Rigodón / (Record no. 185029)

MARC details
000 -LEADER
campo de control de longitud fija 01002nam a2200265 i 4500
001 - NÚMERO DE CONTROL
campo de control 185029
003 - IDENTIFICADOR DE NÚMERO DE CONTROL
campo de control SpMaBN
005 - FECHA Y HORA DE LA ÚLTIMA TRANSACCIÓN
campo de control 20251003063159.0
008 - DATOS DE LONGITUD FIJA--INFORMACIÓN GENERAL
campo de control de longitud fija 160307s1990 sp |||| |aspa d
020 ## - NÚMERO INTERNACIONAL ESTÁNDAR DEL LIBRO
Número Internacional Estándar del Libro 84-264-1190-8
080 ## - NÚMERO DE LA CLASIFICACIÓN DECIMAL UNIVERSAL
Número de la Clasificación Decimal Universal 821.133.1-31"19"
080 ## - NÚMERO DE LA CLASIFICACIÓN DECIMAL UNIVERSAL
Número de la Clasificación Decimal Universal 929 Céline, Louis-Ferdinand
100 1# - ENTRADA PRINCIPAL--NOMBRE DE PERSONA
Nombre de persona Céline, Louis-Ferdinand,
Fechas asociadas al nombre 1894-1961
9 (RLIN) 37358
245 10 - MENCIÓN DEL TÍTULO
Título Rigodón /
Mención de responsabilidad, etc. Louis-Ferdinand Céline ; traducción de Carlos Manzano.
250 ## - MENCION DE EDICION
Mención de edición 1ª ed.
260 ## - PUBLICACIÓN, DISTRIBUCIÓN, ETC.
Lugar de publicación, distribución, etc. Barcelona :
Nombre del editor, distribuidor, etc. Lumen,
Fecha de publicación, distribución, etc. 1990.
300 ## - DESCRIPCIÓN FÍSICA
Extensión 217 p. ;
Dimensiones 21 cm.
490 1# - MENCIÓN DE SERIE
Mención de serie Novela. Palabra en el tiempo ;
Designación de volumen o secuencia 190
594 ## - Nota al título y mención de responsabilidad
Nota al título y mención de responsabilidad En contracub.: "Rigodón... es la tercera y última parte de la autobiografía... De un castillo a otro, continuada... en... Norte"
600 14 - PUNTO DE ACCESO ADICIONAL DE MATERIA--NOMBRE DE PERSONA
Nombre de persona Céline, Louis-Ferdinand,
Fechas asociadas al nombre 1894-1961
9 (RLIN) 37358
700 1# - ENTRADA AGREGADA--NOMBRE PERSONAL
Nombre de persona Manzano, Carlos.
9 (RLIN) 76216
830 0# - PUNTO DE ACCESO ADICIONAL DE SERIE-TÍTULO UNIFORME
Título uniforme Novela. Palabra en el tiempo ;
Designación de volumen o secuencia 190
9 (RLIN) 192261
852 ## - LOCALIZACIÓN
Ubicación ES-MaACL
Número de control de estantería L-30250
Nota libre . - Donat. Miguel A. Velasco
Holdings
Estatus retirado Estado de pérdida Estado de daño No para préstamo Biblioteca de origen Biblioteca actual Ubicación en estantería Fecha de adquisición Fuente de adquisición Total de préstamos Signatura topográfica completa Código de barras Visto por última vez Precio de reemplazo Tipo de ítem Koha
        Biblioteca del Ateneo de Madrid Biblioteca del Ateneo de Madrid Depósito 2 07/03/2016     L-30250 1194889 23/02/2023 23/02/2023 Libro impreso